Представление документа в формате RUSMARC

ПолеНазваниеЗначение
  Тип записи a
  Библиографический уровень m
001 Контрольный номер admiBOOK00018459
005 Дата корректировки 20140508173809.6
010 Индекс ISBN __
a ISBN 978-5-9558-0099-8
d Цена 261,00
100 Данные общей обработки __
a Данные общей обработки 19020212 |||y0 y0189 ca
101 Язык документа __
a Язык текста rus
105 Кодированные данные (монография) __
a Кодированные данные (монография) zy
200 Заглавие и сведения об ответственности 0_
a Заглавие Судебная медицина
e Сведения, относящиеся к заглавию Учебник
f Первые сведения об ответственности А.А.Ефимов, Е.Н.Савенкова и др.
205 Сведения об издании __
b Дополнительные сведения об издании Гриф УМО
210 Выходные данные __
a Место издания М
c Издательство Вузовский учебник
d Дата издания 2009
215 Физическое описание __
a Объем 336с.
606 Тематические рубрики __
a Основная рубрика Медицина
x Основная подрубрика Прикладные отрасли медицины
610 Ключевые слова __
a Ключевые слова Судебная медицина
a Ключевые слова Судебно-медицинская экспертиза
a Ключевые слова Субъекты судебно-медицинской экспертизы
a Ключевые слова Заключение эксперта
a Ключевые слова Показания эксперта
a Ключевые слова Судебно-медицинская травматология
a Ключевые слова Судебно-медицинская танатология
a Ключевые слова Судебно-медицинская токсикология
a Ключевые слова Судебно-медицинская экспертиза живых лиц
a Ключевые слова Судебно-медицинская экспертиза трупов
a Ключевые слова Судебно-медицинская экспертиза вещественных доказательств
675 Индекс УДК __
a Индекс УДК 340.6(075.8)
686 Индексы других классификаций __
a Классификационный индекс 58
852 Данные о местонахождении __
c Местонахождение стеллажа 58
j Шифр хранения 5
852 Данные о местонахождении __
b Сигла хранения ЧЗ_2
t Номер экземпляра 2
i Авторский знак С89
p Инвентарный номер 145685
p Инвентарный номер 145686
901 Тип документа __
t Тип документа m
911 __
u 952a=Учебная
u 952p=2034
938 Служебная информация __
a Название организации Саранский филиал
b Имя БД OUTPUT.MRC_Саранск
c Название АИБС АИБС Библиотека